| 000 | 00474nam a2200193Ia 4500 | ||
|---|---|---|---|
| 005 | 20240927113601.0 | ||
| 008 | 131103s9999 xx 000 0 und d | ||
| 040 | _aLoreto College | ||
| 041 | _aEnglish | ||
| 082 |
_a891.44 _bRAI |
||
| 100 | _aRai, Pitendva Kumar | ||
| 245 |
_aShiksha tattaya _cPitendva Kumar Rai |
||
| 250 | _a2nd ed. | ||
| 260 |
_aCalcutta _bBanerjee _c1969 |
||
| 300 | _avii,335p. | ||
| 650 | _aBengali language | ||
| 850 | _aLCBED | ||
| 942 | _cBK | ||
| 999 |
_c30521 _d81000 |
||